000 00315nam a22001337a 4500
008 170303b xxu||||| |||| 00| 0 eng d
020 _a9780323030717
041 _aeng
080 _28TH
_a616.073
100 _a6
101 _aSHM
245 _aRADIOLOGY FOR THE DENTAL PROFESSIONAL
_cFROMMER, H.H
942 _2udc
_cBK
999 _c6656
_d6656